000 01579nam a22002537a 4500
001 8844
003 FISKH
005 20251023091856.0
008 251022b cb ||||| |||| 00| 0 eng d
020 _a9789995070397
040 _aFISKH
_beng
_cFISKH
_dFISKH
082 _a813
100 _aAnonymous
245 _aរឿង ឪពុក និង កូន នាំលាទៅលក់/
260 _aPhnom Penh :
_bBanteaysrey Bookshop,
_c2016.
300 _a24 pages :
_bcolor illustrations ;
_c30 cm
505 _aH
520 _aឪពុកម្នាក់និងកូនបាននាំលាទៅទីផ្សារដើម្បីលក់។ ពួកគេតែងតែស្តាប់មតិអ្នកដទៃរាល់ដងដែលឃើញពួកគេ។ ពេលដើរទាំងពីរមនុស្សនិយាយថាមិនដឹងប្រើលា។ ពេលឪពុកឲ្យកូនជិះគេនិយាយថាកូនមិនគោរពឪពុក។ ពេលឪពុកជិះគេនិយាយថាមិនសប្បុរស។ ទាំងពីរជិះគេនិយាយថាបង្ខំលា។ ចុងក្រោយពួកគេចងលាដឹកលើដងឈើ ប៉ុន្តែលាភ័យលោតចូលទន្លេ។ ពួកគេមិនបានលាបានលក់ទេ។
521 8 _a430
_bLexile estimate
521 8 _aH
_bRaz-Plus
650 _aFather Son
942 _2ddc
_cBK
_n0
999 _c8844
_d8844